Loading...
| History - European | 0 | 5 | 0 | 2 | 50 | 70 | 103.00 | 1 | 3 | 0.00 | 0.00 |
| Philosophy | 0 | 3 | 0 | 1 | 30 | 94 | 114.67 | 0 | 2 | 0.00 | 0.00 |
| Science - Biology | 0 | 3 | 0 | 0 | 30 | 59 | 73.33 | 2 | 3 | 0.00 | 0.00 |
| History - World | 0 | 3 | 0 | 2 | 30 | 114 | 132.33 | 1 | 3 | 0.00 | 0.00 |
| Science - Physics | 0 | 3 | 1 | 1 | 25 | 94 | 117.33 | 2 | 3 | 0.00 | 0.00 |
| Science - Chemistry | 0 | 2 | 0 | 0 | 20 | 73 | 73.00 | 2 | 2 | 0.00 | 0.00 |
| Science - Other | 0 | 2 | 0 | 0 | 20 | 81 | 93.50 | 1 | 2 | 0.00 | 0.00 |
| History - Other | 0 | 2 | 1 | 0 | 15 | 97 | 113.50 | 0 | 2 | 0.00 | 0.00 |
| Religion | 0 | 1 | 1 | 1 | 5 | 146 | 146.00 | 0 | 1 | 0.00 | 0.00 |
| Literature - American | 0 | 0 | 0 | 0 | 0 | 0.00 | 0 | 0 | 0.00 | 0.00 | |
| History - American | 0 | 0 | 1 | 0 | -5 | 0.00 | 0 | 0 | 0.00 | 0.00 |